Sports Quiz

Random Sports Quiz

All Premier League teams ever Quiz Stats

 Plays Quiz not verified by Sporcle

Also try: MLB Teams (Redux)
Challenge
Share
Tweet
Embed
Score 0/46 Timer 06:00
0 Plays Today
First Season Answer % Correct
1992-93Arsenal
97.9%
1992-93Manchester United
97.9%
1992-93Aston Villa
96.8%
1992-93Manchester City
96.8%
1992-93Chelsea
95.8%
1992-93Everton
95.8%
1992-93Liverpool
94.7%
1992-93Tottenham Hotspur
93.7%
1993-94Newcastle United
92.6%
1992-93Southampton
91.6%
1996-97Sunderland
91.6%
2011-12Swansea City
90.5%
2013-14Cardiff City
90.5%
1992-93Leeds United
88.4%
1993-94West Ham United
88.4%
1992-93Crystal Palace
87.4%
1992-93Norwich City
86.3%
1992-93Queens Park Rangers
86.3%
2003-04Portsmouth
86.3%
2002-03West Bromwich Albion
85.7%
2008-09Hull City
85.3%
1992-93Blackburn Rovers
84.2%
1994-95Leicester City
83.2%
First Season Answer % Correct
2001-02Fulham
83.2%
1992-93Nottingham Forest
81.1%
1992-93Sheffield Wednesday
81.1%
1992-93Sheffield United
80%
2002-03Birmingham City
80%
2009-10Burnley
80%
2003-04Wolverhampton Wanderers
77.9%
1992-93Middlesbrough
76.8%
1996-97Derby County
75.8%
1992-93Ipswich Town
74.7%
1995-96Bolton Wanderers
73.7%
1992-93Coventry City
71.6%
2008-09Stoke City
71.6%
2010-11Blackpool
71.6%
2005-06Wigan Athletic
69.5%
1992-93Wimbledon
67.4%
1997-98Barnsley
67.4%
2006-07Reading
67.4%
1998-99Charlton Athletic
66.3%
1999-00Watford
61.1%
1999-00Bradford City
56.8%
1992-93Oldham Athletic
52.6%
1993-94Swindon Town
46.3%

You're not logged in!

Compare scores with friends on all Sporcle quizzes.
Join for Free
OR
Log In

You Might Also Like...

Show Comments

Extras

Created Apr 20, 2014ReportFavoriteNominate
Tags:ever, league, premier, season, team

Top Quizzes Today


Score Distribution

Your Account Isn't Verified!

In order to create a playlist on Sporcle, you need to verify the email address you used during registration. Go to your Sporcle Settings to finish the process.

Report this User

Report this user for behavior that violates our Community Guidelines.

Details: